| 000 | 01618nam a22003977a 4500 | ||
|---|---|---|---|
| 003 | CHAP | ||
| 005 | 20220329141025.0 | ||
| 008 | 971013s1991 r 10010 d | ||
| 010 | _a61454 | ||
| 011 | _a62426 | ||
| 035 | _a66600 | ||
| 040 | _cCHAP | ||
| 082 |
_a634.3063 _bC8 |
||
| 111 | 0 | 0 |
_aCurso Internacional de Citricultura ( _n1 _d: 1991 _c: Martínez de la Torre, Veracruz) _930643 |
| 245 | _aMemorias | ||
| 250 | _a2 ed. | ||
| 260 |
_aMartínez de la Torre, Ver. : _bUACH. Programa Interdepartamental de Investigación y Servicio en Citricultura, _c1991 |
||
| 300 |
_a59 p. _b: ilus. ; gráfs. |
||
| 500 | _aEn esta 2 ed. se incluyen unas notas sobre el problema de la tristeza de los cítricos y Toxoptera citricidus en México y América Central y un artículo de la Dra. C.J. Lovatt sobre la utilización de la urea foliar baja en biuret | ||
| 590 |
_aBATCH-UPD _b10 _c20130110 _lUCH01 _h0216 |
||
| 590 |
_aBATCH-UPD _b10 _c20130110 _lUCH01 _h1948 |
||
| 590 |
_aBATCH-UPD _b10 _c20130409 _lUCH01 _h2234 |
||
| 590 |
_aBATCH-UPD _b10 _c20130410 _lUCH01 _h1310 |
||
| 590 |
_aBATCH-UPD _b10 _c20130914 _lUCH01 _h0959 |
||
| 590 |
_aCONVERSION _b10 _c20130109 _lUCH01 _h1333 |
||
| 650 | 1 | 4 |
_aCítricos _xCongresos. _924414 |
| 650 | 1 | 4 |
_aCítricos _xEfecto del clima. _924419 |
| 650 | 1 | 4 |
_aCítricos _xEnfermedades por virus. _924427 |
| 650 | 1 | 4 |
_aCítricos _xIndustria. _924439 |
| 650 | 1 | 4 |
_aJugo de naranja _xMercadeo. _962292 |
| 650 | 1 | 4 |
_aLimón _xInjertos. _966835 |
| 650 | 1 | 4 |
_aNaranja _xInjertos. _980171 |
| 901 | _aBK | ||
| 942 | _cLIBRO | ||
| 949 |
_a634.3063 C8 _bBC _cUACH _d33724000603346 _eUACH _h91254 _i66600 _si |
||
| 999 |
_c61454 _d61454 |
||